| 000 -LEADER |
| fixed length control field |
00674cam a2200229 a 4500 |
| 020 ## - INTERNATIONAL STANDARD BOOK NUMBER |
| ISBN |
1587054701 |
| 022 ## - INTERNATIONAL STANDARD SERIAL NUMBER |
| ISSN |
9781587054709 |
| 082 04 - DEWEY DECIMAL CLASSIFICATION NUMBER |
| Classification number |
004.6DOY |
| 100 1# - MAIN ENTRY--AUTHOR NAME |
| Personal name |
Doyle, Jeff. |
| 245 10 - TITLE STATEMENT |
| Title |
Routing TCP/IP, |
| 250 ## - EDITION STATEMENT |
| Edition statement |
2nd ed. |
| 260 ## - PUBLICATION, DISTRIBUTION, ETC. (IMPRINT) |
| Place of publication |
Indianapolis, Ind. : |
| Name of publisher |
Cisco Press, |
| Year of publication |
c2006. |
| 300 ## - PHYSICAL DESCRIPTION |
| Number of Pages |
528p. ; |
| 490 1# - SERIES STATEMENT |
| Series statement |
CCIE professional development |
| 500 ## - GENERAL NOTE |
| General note |
Title from title screen. |
| 650 #0 - SUBJECT ADDED ENTRY--TOPICAL TERM |
| Topical Term |
TCP/IP (Computer network protocol) |
| 650 #0 - SUBJECT ADDED ENTRY--TOPICAL TERM |
| Topical Term |
Internetworking (Telecommunication) |
| 650 #0 - SUBJECT ADDED ENTRY--TOPICAL TERM |
| Topical Term |
Routers (Computer networks) |
| 700 1# - ADDED ENTRY--PERSONAL NAME |
| Personal name |
Carroll, Jennifer DeHaven. |
| 856 40 - ELECTRONIC LOCATION AND ACCESS |
| Uniform Resource Identifier |
http://www.columbia.edu/cgi-bin/cul/resolve?clio7889119 |
| 942 ## - ADDED ENTRY ELEMENTS (KOHA) |
| Koha item type |
Books |